[Event "Provincial Individual Huesca"]
[Site "Sabiñánigo,Alcalá,Binéfar,Bin"]
[Date "2016.10.29"]
[Round "3.13"]
[White "Escartin Jose"]
[Black "Pardina Martin"]
[Result "1-0"]
[WhiteElo "1785"]
[BlackElo "1543"]

1.d4 d5 2.Nf3 c6 3.e3 Nf6 4.Bd3 g6 5.O-O Bg7 6.c4 O-O 7.Nc3 Bg4 8.h3 Bxf3 9.
Qxf3 e6 10.b3 Nbd7 11.Bb2 Re8 12.Rfd1 e5 13.cxd5 c5 (13...cxd5 14.dxe5 Nxe5
15.Qf4) 14.dxc5 Nxc5 15.Bb5 e4 16.Qe2 Nfd7 17.b4 Nd3 18.Bxd3 exd3 19.Qxd3 Rc8
20.Rac1 Ne5 21.Qe2 Nc4 22.Ba1 Bh6 23.Qd3 Ne5 24.Qb5 Qd7 25.Qxd7 Nxd7 26.d6 a6
27.Nd5 Rxc1 28.Rxc1 Rb8 29.Rc7 Nf8 1-0

[Event "Provincial Individual Huesca"]
[Site "Sabiñánigo,Alcalá,Binéfar,Bin"]
[Date "2016.10.29"]
[Round "3.14"]
[White "Ocabo Pedro"]
[Black "Buisac Pablo"]
[Result "1-0"]
[WhiteElo "1785"]
[BlackElo "1485"]

1.e4 c5 2.Nc3 e6 3.g3 Nc6 4.Bg2 Nf6 5.d3 Be7 6.f4 d5 7.e5 Nd7 8.Nf3 a6 9.O-O
b5 10.Ne2 Bb7 11.c3 b4 12.c4 dxc4 13.dxc4 Nb6 14.Qc2 a5 15.Be3 O-O 16.g4 Qc7
17.Ng3 Rfe8 18.Ne4 Nd7 19.Neg5 g6 20.h4 $1 Rac8 21.Rad1 Rcd8 22.h5 Nf8 23.hxg6
hxg6 24.Ne4 Nb8 (24...Nd4 $5 25.Nxd4 cxd4 26.Bxd4 Bxe4 $1 27.Qxe4 Bc5) 25.Nf6+
Bxf6 26.exf6 Rxd1 27.Rxd1 Nbd7 28.g5 Rd8 29.Qf2 Nh7 30.Qh4 Ndxf6 31.Rxd8+ Qxd8
32.gxf6 Qd1+ 33.Ne1 Bxg2 34.Kxg2 Nxf6 35.Qxf6 Qxe1 36.Qd8+ Kg7 37.Qd2 Qb1 38.
b3 Qe4+ 39.Kg3 f5 40.Bxc5 e5 41.Qd7+ Kg8 42.Qe8+ Kh7 43.Qxe5 Qd3+ 44.Qe3 Qd1
45.Be7 Qg4+ 46.Kh2 Kg8 47.Qe6+ 1-0

[Event "Provincial Individual Huesca"]
[Site "Sabiñánigo,Alcalá,Binéfar,Bin"]
[Date "2016.10.29"]
[Round "3.15"]
[White "Rodriguez Avellanas Jose Manuel"]
[Black "Zamora Lorien"]
[Result "1/2-1/2"]
[WhiteElo "1731"]
[BlackElo "1397"]

1.c4 e5 2.Nc3 Nf6 3.g3 Bc5 4.Bg2 Nc6 5.d3 h6 6.e3 O-O 7.Nge2 Re8 8.O-O d6 9.a3
a5 10.Rb1 Rb8 11.Qc2 Be6 12.Nd5 Bxd5 13.cxd5 Ne7 14.e4 c6 15.b4 axb4 16.axb4
Bb6 17.dxc6 bxc6 18.Bb2 Qc7 19.d4 exd4 20.Nxd4 d5 21.exd5 Nfxd5 22.Nxc6 Nxc6
23.Bxd5 Nxb4 24.Qxc7 (24.Qg6 $1) 24...Bxc7 25.Bc4 Nc6 26.Bc3 Be5 27.Bb5 Rxb5
28.Rxb5 Bxc3 29.Rc5 Nd4 30.Kg2 Ne2 31.Rd1 Bf6 32.Rc7 Nd4 33.Rd7 Ne6 34.Ra7 Re7
35.Ra8+ Kh7 36.h4 g5 37.hxg5 Nxg5 38.Rd2 Kg7 39.Rc2 Ne6 40.Rcc8 Kh7 41.Ra6 Kg7
42.Raa8 Kh7 43.Ra6 Bd4 44.Rcc6 Kg7 45.Rc8 Rc7 46.Rxc7 Nxc7 47.Rc6 Ne6 48.f4
Kf6 49.g4 Kg7 1/2-1/2

[Event "Provincial Individual Huesca"]
[Site "Sabiñánigo,Alcalá,Binéfar,Bin"]
[Date "2016.10.29"]
[Round "3.16"]
[White "Rodriguez Alegre Oscar"]
[Black "Sanclemente Angel"]
[Result "1-0"]
[WhiteElo "1549"]
[BlackElo "1703"]

1.d4 d5 2.e3 Bf5 3.Nf3 e6 4.c4 c6 5.Nc3 a6 6.cxd5 cxd5 7.Be2 Nc6 8.O-O Bd6 9.
a3 h6 10.h3 Nf6 11.Bd3 Bh7 (11...Bxd3 12.Qxd3 Rc8) 12.Bxh7 Nxh7 13.Re1 Ng5 14.
Nxg5 hxg5 15.e4 $1 dxe4 16.Rxe4 Qe7 17.d5 O-O-O 18.Qc2 (18.Qe2) 18...Na7 19.
dxe6 Kb8 20.exf7 Qxf7 21.Bxg5 Rc8 22.Qe2 Nc6 23.Rd1 Bc7 24.f4 Rhe8 25.Re1 Bb6+
26.Kh1 Rh8 27.Qg4 Nd4 28.Re7 Qg6 29.Nd5 Bd8 30.Rd7 Nf5 31.Rd1 Bf6 32.Qf3 Nd4
33.Qd3 Qxd3 34.Rxd3 Bxg5 35.fxg5 Nf5 36.Rb3 b5 37.a4 Nd4 38.Rd3 Rc4 39.Nb6
Rc1+ 40.Kh2 Ne6 41.axb5 Nc5 42.bxa6 Nxd3 43.a7# 1-0

[Event "Provincial Individual Huesca"]
[Site "Sabiñánigo,Alcalá,Binéfar,Bin"]
[Date "2016.10.29"]
[Round "3.17"]
[White "Torres Antonio"]
[Black "Sorinas Ramon"]
[Result "0-1"]
[WhiteElo "1469"]
[BlackElo "1537"]

1.c4 e5 2.Nc3 Nc6 3.e4 Bc5 4.Nf3 d6 5.Be2 Nge7 6.O-O O-O 7.Nd5 (7.d3 f5 $1)
7...Nd4 8.Nxe7+ Qxe7 9.d3 f5 10.Rb1 fxe4 11.dxe4 Nxe2+ 12.Qxe2 Bg4 13.Kh1 Rf7
14.h3 Bxf3 15.gxf3 Qh4 16.Kh2 Raf8 17.f4 exf4 18.Qg4 Bxf2 19.b3 Bg3+ 20.Kh1
Qe7 21.Bb2 Qxe4+ 22.Qf3 Qxf3+ 23.Rxf3 Re7 24.Bc3 Rfe8 25.Bd2 g5 26.Rg1 Re2 0-1

[Event "Provincial Individual Huesca"]
[Site "Sabiñánigo,Alcalá,Binéfar,Bin"]
[Date "2016.10.29"]
[Round "3.18"]
[White "Garreta Maria"]
[Black "Mauri Senen"]
[Result "1-0"]
[WhiteElo "1681"]
[BlackElo "1499"]

1.d4 Nf6 2.Nf3 g6 3.c4 Bg7 4.Nc3 d5 5.cxd5 Nxd5 6.e4 Nxc3 7.bxc3 O-O 8.Bc4 (8.
Be3) (8.Rb1) 8...c5 9.O-O Bg4 10.Bb2 Qb6 (10...cxd4 11.cxd4 Nc6) 11.Qb3 Qxb3
12.axb3 Bxf3 13.gxf3 cxd4 14.cxd4 e6 (14...Nc6 15.Rfd1 Rfd8) 15.Rfd1 Nc6 16.
Bb5 a6 17.Bxc6 bxc6 18.Ba3 Rfd8 19.Bc5 e5 20.d5 cxd5 21.Rxd5 Rxd5 22.exd5 e4
$2 (22...Bf8) 23.Rd1 exf3 24.d6 Bf6 25.d7 Bd8 26.Re1 Rb8 27.Re8+ Kg7 28.Bb6 $4
(28.h3 ...29.Be7) 28...Rxb6 29.Rxd8 Rb7 $4 (29...Rd6) 30.Rg8+ Kxg8 31.d8=Q+
Kg7 32.Qd3 a5 33.Qxf3 Rb4 34.Kg2 f5 35.Qc3+ Kh6 36.h3 Kg5 37.Qe3+ Kf6 38.Kf3
h5 39.Qc3+ Kg5 40.Kg3 h4+ 41.Kf3 Rf4+ 42.Ke3 Re4+ 43.Kf3 Rf4+ 44.Kg2 Rb4 45.
Qd3 Kh5 46.Qd8 a4 47.bxa4 Rxa4 48.Qd1+ 1-0

[Event "Provincial Individual Huesca"]
[Site "Sabiñánigo,Alcalá,Binéfar,Bin"]
[Date "2016.10.29"]
[Round "3.19"]
[White "Cabos Esteban"]
[Black "Pano Ernesto"]
[Result "0-1"]
[WhiteElo "1497"]
[BlackElo "1627"]

1.c4 c5 2.Nc3 Nc6 3.e3 e6 4.Be2 g6 5.Nf3 Bg7 6.O-O Nge7 7.Nb5 d6 8.d4 a6 9.Nc3
O-O 10.h3 Nf5 11.d5 Ne5 12.Nh2 exd5 13.cxd5 b5 14.f4 Nc4 15.Bxc4 bxc4 16.Ne4
Rb8 17.Nc3 Re8 18.Nf3 Nxe3 19.Bxe3 Rxe3 20.Kh1 Bxc3 21.bxc3 Rxc3 22.Qe2 Bf5
23.Rac1 Bd3 24.Qf2 Rxc1 25.Rxc1 Rb1 26.Qd2 Rxc1+ 27.Qxc1 Qf6 28.g4 Be4 29.Kg2
Bxd5 30.Kg3 Bxf3 31.Kxf3 Qd4 32.Qe1 c3 33.h4 c2 34.Kg3 Qd3+ 35.Kh2 Qd1 36.Qe8+
Kg7 37.h5 Qxg4 38.h6+ Kxh6 39.Qf8+ Kh5 40.Qg7 Qxf4+ 41.Kg2 Qg4+ 42.Kf2 Qd4+
0-1

[Event "Provincial Individual Huesca"]
[Site "Sabiñánigo,Alcalá,Binéfar,Bin"]
[Date "2016.10.29"]
[Round "3.20"]
[White "Serra Jaime"]
[Black "Sanchez Lopez Alejandro"]
[Result "0-1"]
[WhiteElo "1490"]
[BlackElo "1583"]

1.e4 e5 2.Nc3 Nf6 3.Be2 Bb4 4.d3 d5 5.Bg5 d4 6.a3 Be7 7.Na2 c5 8.c3 Nc6 9.Rc1
Be6 10.c4 O-O 11.h3 b5 $1 12.Bxf6 Bxf6 13.Nf3 bxc4 14.dxc4 Rb8 15.Rb1 Na5 16.
Nd2 d3 17.Bg4 Bxc4 18.Nc3 Bb3 19.Nxb3 Nxb3 20.O-O Qd4 21.Re1 Bg5 22.Kh1 Nd2
23.Nd5 Nxb1 24.Qf3 Rxb2 25.Qf5 Bh6 26.Nf6+ gxf6 27.Qxf6 Bg7 28.Qg5 Qxf2 29.Rg1
Nc3 30.Bf3 Ne2 31.Rd1 Nf4 32.Kh2 Rfb8 33.h4 Rb1 34.Rxb1 Rxb1 35.Qd8+ Bf8 36.
Qg5+ Ng6 37.h5 Qh4+ 0-1

[Event "Provincial Individual Huesca"]
[Site "Sabiñánigo,Alcalá,Binéfar,Bin"]
[Date "2016.10.29"]
[Round "3.21"]
[White "Amello Jonathan"]
[Black "Torres David"]
[Result "1-0"]
[WhiteElo "1580"]
[BlackElo "1461"]

1.d4 Nf6 2.c4 c5 3.e3 g6 4.Nc3 Bg7 5.Nf3 cxd4 6.Nxd4 d6 7.Be2 O-O 8.O-O Nbd7
9.b3 a6 10.Qc2 e5 11.Nf3 Nc5 12.Bb2 Bf5 13.Qc1 Nd3 (13...Nfe4) 14.Bxd3 Bxd3
15.Rd1 e4 16.Ne1 Ng4 17.Nxd3 Qh4 $2 18.h3 exd3 19.hxg4 f5 20.Rxd3 fxg4 21.Qe1
$2 Bxc3 (21...Rxf2 $1 22.Qxf2 g3) 22.Bxc3 Rxf2 23.Bf6 (23.Qxf2 g3 24.Qf4 Qh2+
25.Kf1 Qh1+ 26.Ke2 Qxg2+ 27.Kd1) 23...Qxf6 24.Qxf2 Qxa1+ 25.Kh2 Qe5+ 26.Qg3
Rf8 27.Rxd6 Qxg3+ 28.Kxg3 Re8 29.Kf4 g3 30.Rd7 h6 31.Rxb7 g5+ 32.Kxg3 Rxe3+
33.Kf2 Rc3 34.Rb6 Rc2+ 35.Kf3 Rxa2 36.Rxh6 Kg7 37.Rb6 Rb2 38.g3 a5 39.Rb5 Kg6
40.Kg4 1-0

[Event "Provincial Individual Huesca"]
[Site "Sabiñánigo,Alcalá,Binéfar,Bin"]
[Date "2016.11.05"]
[Round "4.1"]
[White "Lafarga David"]
[Black "Hidalgo Andres"]
[Result "1/2-1/2"]
[WhiteElo "2203"]
[BlackElo "1687"]

1.e4 c5 2.Nf3 e6 3.Nc3 Nc6 4.d4 cxd4 5.Nxd4 Qc7 6.Be3 a6 7.Qf3 Nf6 8.O-O-O Be7
9.Kb1 Rb8 10.g4 $1 h6 (10...Ne5 11.Qe2 $1 Nexg4 12.Bc1 O-O 13.f4) (10...Nxd4
11.Bxd4 e5 12.g5 $1 (12.Ba7 Ra8 13.Be3 d6 14.g5 Bg4 15.Qg3 Bxd1 16.gxf6) 12...
exd4 13.gxf6 dxc3 (13...Bxf6 14.Nd5 Qd6 15.Bg2 (15.Nxf6+ Qxf6 16.Qxf6 gxf6 17.
Rxd4) 15...Be5) 14.fxe7 d6 (14...cxb2 15.Bc4 $1 Qxc4 16.Qg3) 15.Qg3) 11.Be2 b5
(11...Nxd4 12.Bxd4 e5 13.Ba7 Ra8 14.Be3 d6 15.Qg2) 12.Nxc6 $1 dxc6 (12...Qxc6
13.e5 Qxf3 14.Bxf3 Nh7 15.h4) 13.e5 (13.h4 b4 14.Na4 c5 15.g5 Nd7 16.gxh6 gxh6
17.Rhg1 c4 18.Rg7) 13...Nd5 (13...Nd7 14.Qg3 c5 15.Ne4) 14.Nxd5 cxd5 (14...
exd5 15.Qg3 c5 (15...Be6 16.f4) 16.g5 h5 17.g6) 15.Bd4 Bc5 $6 16.Qe3 Bxd4 17.
Rxd4 $1 Bb7 18.f4 Rc8 19.Bd3 Qc5 20.f5 (20.c3 {y eventualmente a3 si es necesaria era más sencillo})
20...Ke7 21.Rf1 (21.Qf4 $5) 21...Rcf8 22.f6+ gxf6 23.Rxf6 a5 24.Qf4 {Buscando una victoria forzada entro en los últimos 5' por 45 de Andrés, lo que condicionó el desarrollo posterior. Poco practico por mi parte.}
(24.c3 {de nuevo es lo más preciso} 24...b4 25.cxb4 axb4 26.Rf1) 24...b4 25.h4
Bc6 26.Qf2 Bd7 27.Rff4 Rhg8 {(=)} 28.Qd2 Rc8 29.Qf2 Rcf8 30.Be2 Rg7 31.Bd3
Rgg8 32.Qf1 Rh8 33.Qc1 Rc8 34.Qf1 Rcf8 {(=)} 35.Qf3 Rhg8 36.Be2 Qc7 37.Qe3 Qc5
38.Rf1 Rc8 39.Rc1 (39.Qxh6 $1 {Stockfish} 39...Qxc2+ 40.Ka1 Qxe2 41.Qf6+ Ke8
42.Qxf7+ Kd8 43.Qxg8+ Kc7 44.Qf7) 39...Ba4 40.Qd2 Qc7 41.b3 Bd7 42.Qf4 Qc5 43.
Qf6+ Ke8 44.Rf4 Rf8 45.Rf3 {hecha dos o tres segundos, se me fue todo el tiempo calculando g5 que no llegué a jugar}
(45.g5 $1 hxg5 46.hxg5 a4 47.Bh5 Qe7 (47...a3 48.Bxf7+ Rxf7 49.Qxf7+ Kd8 50.
Qf8+ Qxf8 51.Rxf8+) 48.Rcf1) 45...a4 46.Qxh6 d4 {interesante intento de liar}
47.Qf4 Bc6 48.Rd3 Bb5 49.Rxd4 $2 {pánico con segundos en el reloj} (49.Rd2
axb3 (49...a3 50.Bxb5+ Qxb5) (49...Bxe2 50.Rxe2 axb3 51.cxb3) 50.Bxb5+ {gana fácil al ser jaque, algo que con un poco más de tiempo creo no hubiera omitido})
49...Bxe2 50.Rxb4 1/2-1/2

[Event "Provincial Individual Huesca"]
[Site "Sabiñánigo,Alcalá,Binéfar,Bin"]
[Date "2016.11.05"]
[Round "4.2"]
[White "Aribau Miguel Angel"]
[Black "Alsina Sergio"]
[Result "1/2-1/2"]
[WhiteElo "2052"]
[BlackElo "1881"]

1.e4 e5 2.Nf3 Nc6 3.Bb5 a6 4.Ba4 d6 5.c3 Bd7 6.O-O Nf6 7.Re1 Be7 8.d3 O-O 9.
Nbd2 Re8 10.Nf1 Bf8 11.Bg5 h6 12.Bh4 g6 13.Bc2 Bg7 14.h3 Qc8 15.d4 Nh5 16.dxe5
Nxe5 17.Bg3 (17.Nxe5 dxe5 18.Ne3) 17...Nxg3 18.Nxg3 Be6 19.Bb3 Bxb3 20.axb3
Nxf3+ 21.Qxf3 Qe6 22.Qd1 Re7 23.Qd5 c6 24.Qxe6 Rxe6 25.f3 Rae8 26.Red1 Be5 27.
Nf1 f5 $1 28.Nd2 fxe4 29.Nxe4 d5 30.Nc5 R6e7 31.Nd3 Bg3 32.Kf1 Kf7 (32...Re2)
33.b4 Bd6 34.Re1 Bg3 35.Rxe7+ Rxe7 36.Rd1 Kf6 37.Nf2 Bxf2 38.Kxf2 Kf5 39.g3
Rd7 40.Ke3 Ke5 41.Rd2 Rf7 42.Re2 g5 (42...Kd6) 43.Kf2+ Kd6 44.Re8 Rh7 45.Ke3
Re7+ $2 46.Rxe7 Kxe7 47.b3 (47.f4 $1 gxf4+ (47...Kf6 48.fxg5+ Kxg5 49.Kd4 b6
50.Ke5) 48.Kxf4 Kf6 49.g4) 47...Ke6 48.Kd4 $2 b6 49.Kd3 Ke5 50.Ke3 c5 $2 (
50...h5) 51.bxc5 bxc5 52.b4 cxb4 53.cxb4 h5 54.h4 gxh4 55.gxh4 d4+ 56.Kd3 Kf4
57.Kxd4 Kxf3 58.Kc5 Kg4 59.Kb6 Kxh4 60.Kxa6 Kg4 61.b5 h4 62.b6 h3 63.b7 h2 64.
b8=Q h1=Q 65.Qg8+ Kh3 1/2-1/2

[Event "Provincial Individual Huesca"]
[Site "Sabiñánigo,Alcalá,Binéfar,Bin"]
[Date "2016.11.05"]
[Round "4.3"]
[White "Barranco Fernando"]
[Black "Rodriguez Leiva Manuel"]
[Result "0-1"]
[WhiteElo "1759"]
[BlackElo "1957"]

1.Nf3 Nf6 2.c4 g6 3.Nc3 Bg7 4.g3 O-O 5.Bg2 Nc6 6.O-O d5 7.cxd5 Nxd5 8.d4 Nb6
9.e3 Bg4 10.h3 Bd7 11.Kh2 Qc8 12.b3 e5 13.dxe5 Nxe5 14.Nxe5 Bxe5 15.Bb2 Be6
16.Qc2 c6 17.Rfd1 (17.Ne4) 17...Bf5 18.e4 Be6 19.f4 Bg7 20.Rac1 f5 21.e5 Rd8
22.Ba3 Rxd1 23.Rxd1 Qe8 24.Qd2 h5 25.h4 Rc8 26.Qd4 Rc7 27.Bd6 Rd7 28.Qc5 $2 (
28.Na4 Nxa4 29.Qxa4 a6 30.Qd4) 28...Bf8 29.b4 Nc8 30.Bxf8 Rxd1 31.Nxd1 Qxf8
32.Qxf8+ Kxf8 33.Nc3 Nb6 34.Kg1 Ke7 35.Kf2 a6 36.a4 Bb3 37.a5 Nd7 38.Ke3 Kd8
39.Kd4 Kc7 40.Ne2 b6 41.Kc3 Bg8 42.axb6+ (42.Nd4 c5 43.Nc6 cxb4+ 44.Kxb4)
42...Kxb6 43.Kd4 c5+ 44.bxc5+ Nxc5 45.Nc3 Ne6+ 46.Kd3 Kc5 47.Na4+ Kb4 48.Nb6
a5 49.Nd5+ Kc5 50.Nc3 Nc7 51.Bh1 Bc4+ 52.Kd2 Kb4 53.Bc6 Ne6 54.Bd5 $2 Bxd5 55.
Nxd5+ Kb3 56.Kc1 a4 57.Ne3 Nd4 58.Kb1 a3 59.e6 Nxe6 60.Nf1 a2+ 61.Ka1 Nd4 62.
Nd2+ Kc2 63.Nf1 Kd3 64.Kxa2 Ke2 65.Nh2 Kf2 66.Kb2 Kg2 67.Kc3 Ne2+ 68.Kd3 Nxg3
69.Kd4 Kxh2 70.Ke5 Kh3 71.Kf6 Kxh4 72.Kxg6 Kg4 0-1

[Event "Provincial Individual Huesca"]
[Site "Sabiñánigo,Alcalá,Binéfar,Bin"]
[Date "2016.11.05"]
[Round "4.4"]
[White "Fuentes Juan Antonio"]
[Black "Buisan Pedro"]
[Result "1/2-1/2"]
[WhiteElo "1987"]
[BlackElo "1745"]

1.d4 d5 2.c4 c6 3.Nc3 Nf6 4.Bf4 g6 5.Nf3 Bg7 6.e3 e6 7.c5 O-O 8.Bd3 Nbd7 9.O-O
Re8 10.Qc2 Nh5 11.Bd6 e5 12.dxe5 Nxe5 13.Nxe5 Bxe5 14.Bxe5 Rxe5 15.Ne2 Qc7 16.
Rae1 Bd7 17.Nd4 Rae8 18.Nf3 R5e7 19.b4 Ng7 20.a4 Ne6 21.Rc1 Rc8 22.h4 Kg7 23.
Qc3+ f6 24.Ng5 Nxg5 25.hxg5 Qe5 26.gxf6+ Qxf6 27.Rfd1 Qxc3 28.Rxc3 Kf6 29.Kf1
Rd8 30.Bb1 Bf5 31.Bxf5 Kxf5 32.Rd4 Re4 33.Rxe4 Kxe4 34.Ke2 g5 35.Rc1 h5 36.Rd1
Re8 37.Rd4+ Kf5 38.f3 h4 39.Kd3 Re7 40.b5 Ke5 41.Rg4 Rg7 42.bxc6 bxc6 43.Rb4
Kf5 44.Rb8 (44.a5 {con idea de a6 y ¦b7±}) 44...g4 45.Rf8+ Ke6 46.f4 h3 47.Ke2
$2 h2 (47...Rh7) 48.Rh8 g3 49.Kf3 Kf5 50.Rh3 a6 51.a5 Kf6 (51...Re7 52.Rh8 d4)
52.Rh4 Kf7 53.Rh8 Rg6 54.f5 Kg7 $1 55.Rh3 Rh6 56.f6+ Kg6 57.f7 (57.f7 h1=Q $1
58.Rxh1 Rxh1 59.f8=N+ (59.f8=Q Rf1+) 59...Kf5) 1/2-1/2

[Event "Provincial Individual Huesca"]
[Site "Sabiñánigo,Alcalá,Binéfar,Bin"]
[Date "2016.11.05"]
[Round "4.5"]
[White "Ocabo Pedro"]
[Black "Guetas Hugo"]
[Result "0-1"]
[WhiteElo "1785"]
[BlackElo "2157"]

1.e4 c5 2.Nc3 a6 3.g3 b5 4.d3 Bb7 5.Bg2 e6 6.f4 Nf6 7.Nf3 d6 8.O-O Be7 9.h3 h5
10.Qe2 Nc6 11.Nd1 Qc7 12.c3 O-O-O 13.Ne3 d5 14.e5 Ng8 15.d4 cxd4 16.Nxd4 Nxd4
17.cxd4 Qb6 18.Qd3 g6 19.Bd2 Nh6 20.b4 Bc6 21.Rfc1 Kd7 22.Bf3 Nf5 23.Nxf5 gxf5
24.Rc2 Rc8 25.Rac1 Bb7 26.a3 (26.Rxc8 Bxc8 27.h4) 26...Rc4 27.Rxc4 $4 dxc4 28.
Qe2 Bxf3 29.Qxf3 Qxd4+ 30.Be3 Qe4 31.Rd1+ Kc6 32.Qf2 Rd8 33.Rxd8 Bxd8 34.Ba7
Qd5 35.Qe3 Kb7 36.Bc5 Qc6 37.Kf2 Qh1 38.Ke2 Qg2+ 39.Kd1 Qc6 40.Qd4 Qh1+ 41.Kc2
Qg2+ 42.Kd1 Qh1+ 43.Kc2 Bc7 44.Qf2 Qe4+ 45.Kc1 a5 46.h4 a4 47.Qe3 Qxe3+ 48.
Bxe3 Kc6 49.Kd2 Kd5 50.Ke2 Ke4 51.Bd2 Bb6 52.Bc3 Bd4 53.Kd2 Bxc3+ 54.Kxc3 Ke3
55.Kc2 Kd4 56.Kd2 c3+ 57.Kc1 Kd3 58.Kd1 c2+ 59.Kc1 Kc3 0-1

[Event "Provincial Individual Huesca"]
[Site "Sabiñánigo,Alcalá,Binéfar,Bin"]
[Date "2016.11.05"]
[Round "4.6"]
[White "Pellicer Jose Luis"]
[Black "Garreta Blas"]
[Result "1-0"]
[WhiteElo "1969"]
[BlackElo "1820"]

1.e4 d6 2.f4 c5 3.Nf3 g6 4.d4 Bg7 5.c3 cxd4 6.Nxd4 Nf6 7.Bd3 Qb6 8.Qb3 Qxb3 9.
axb3 Bd7 10.Be3 O-O 11.Nd2 Ng4 12.Bg1 a6 13.h3 Nf6 14.Be3 Nc6 15.O-O Nxd4 16.
Bxd4 Bc6 17.Rae1 Nd7 18.Bxg7 Kxg7 19.b4 b5 20.Nb3 Nb6 21.Nd4 Bb7 22.Rf2 e5 23.
fxe5 dxe5 24.Nb3 Na4 25.c4 $5 Rad8 26.Bf1 Bc6 (26...bxc4) 27.c5 Rd7 28.Rc2 (
28.Na5) 28...f5 29.Na5 $2 (29.exf5 gxf5 30.Rxe5) 29...Bxe4 30.Rxe4 fxe4 31.Be2
Rc8 $4 (31...Rfd8 32.b3 Rd2) 32.b3 e3 (32...Nb6) 33.bxa4 Rd2 34.Rxd2 exd2 35.
axb5 axb5 36.Kf2 Rd8 37.Bd1 Kf6 38.Nb3 Ke6 39.Ke3 h5 40.Nxd2 Rd4 41.Bb3+ Ke7
42.Bc2 Rxb4 43.Bxg6 h4 44.Be4 Ra4 45.Bd5 b4 46.Nb3 Ra2 47.Kd3 Rf2 48.Bf3 Rf1
49.Kc4 Re1 50.Nd2 Rc1+ 51.Kxb4 Rc2 52.Ne4 Kd7 53.Kb5 Rb2+ 54.Kc4 Ke6 55.c6 Rb1
56.Bg4+ Ke7 57.c7 Rc1+ 58.Nc3 1-0

[Event "Provincial Individual Huesca"]
[Site "Sabiñánigo,Alcalá,Binéfar,Bin"]
[Date "2016.11.05"]
[Round "4.7"]
[White "Citoler Adriano"]
[Black "Rodriguez Alegre Oscar"]
[Result "1-0"]
[WhiteElo "1898"]
[BlackElo "1549"]

1.Nf3 d6 2.d4 g6 3.c4 Bg7 4.Nc3 Nf6 5.e4 Bg4 6.h3 Bxf3 7.Qxf3 O-O 8.g4 Nc6 9.
Be3 Nd7 10.Qd1 e5 11.d5 Ne7 12.Qd2 f5 13.gxf5 gxf5 14.Bh6 f4 15.Bxg7 Kxg7 16.
O-O-O Kh8 17.h4 Rg8 18.Bh3 Nf6 19.Be6 Rg7 20.Rdg1 Qf8 21.Qe2 Rxg1+ 22.Rxg1 Qh6
23.Rh1 a6 24.Kc2 Ng6 25.h5 Nf8 26.Bf5 N8d7 27.Rg1 Rg8 28.Rxg8+ Kxg8 29.Bxd7
Nxd7 30.Qg4+ Qg7 31.Qe6+ Qf7 32.Qg4+ Kf8 33.h6 Ke7 34.Ne2 c6 35.Nc3 Kf8 36.
dxc6 bxc6 37.b3 Ke7 38.f3 Qf6 39.Qh5 Nf8 40.c5 $5 Ng6 (40...dxc5 41.Na4 Ne6
42.Nb6) 41.cxd6+ Kxd6 42.Kd3 Qh4 43.Qf5 Qe7 (43...Qxh6 44.Qf6+ Kd7 45.Qf7+)
44.Na4 Nh4 45.Qg4 Ng6 46.Qc8 Qa7 47.Qd8+ Ke6 48.Nb6 Ne7 49.Kc4 Qb7 50.a4 a5
51.Kc5 Ng6 52.Qd6+ Kf7 53.Qxc6 (53.Qd7+ Qxd7 54.Nxd7) 53...Qxc6+ 54.Kxc6 Nh4
55.b4 axb4 56.a5 Nxf3 57.Kc5 (57.a6) 57...b3 58.Nc4 Ne1 (58...Ng5 $1 59.a6 f3
60.a7 f2 61.a8=Q f1=Q 62.Nxe5+ Ke7 63.Qb7+ Ke6 64.Qd5+ Kf6) 59.a6 f3 60.a7 f2
61.a8=Q f1=Q 62.Nxe5+ Ke7 63.Qb7+ Ke6 64.Qd5+ Ke7 65.Qd6+ Ke8 66.Qd7+ Kf8 67.
Qd8# 1-0

[Event "Provincial Individual Huesca"]
[Site "Sabiñánigo,Alcalá,Binéfar,Bin"]
[Date "2016.11.05"]
[Round "4.8"]
[White "Gimenez Alfonso"]
[Black "Martinez Carnicer Eduardo"]
[Result "1/2-1/2"]
[WhiteElo "1676"]
[BlackElo "1847"]

1.f4 d5 2.e3 Nf6 3.Nf3 g6 4.c4 Bg7 5.Be2 c5 6.cxd5 Nxd5 7.Nc3 Nc6 8.O-O O-O 9.
a3 e5 10.fxe5 Nxe5 11.Nxe5 Nxc3 12.bxc3 Bxe5 13.d4 Bd6 14.e4 cxd4 15.cxd4 Qb6
(15...Be6) 16.Rf3 (16.Kh1 {con idea de} 17.Bh6 Re8 18.Rxf7 $1) 16...Bg4 17.Rd3
Be6 18.Be3 Bc4 19.Rc3 Bxe2 20.Qxe2 Rac8 21.Rac1 $2 (21.Qd2) 21...Rxc3 22.Rxc3
Qb1+ 23.Rc1 Qxe4 24.Qf3 Qxf3 25.gxf3 Re8 26.Rc3 Kg7 27.Kf2 Re7 (27...Bxh2 28.
f4) 28.f4 Rc7 29.Rxc7 Bxc7 30.Kf3 Kf6 31.Ke4 Bd6 32.Bc1 Ke6 33.Bb2 f5+ 34.Ke3
Kd5 35.Bc1 b5 36.Kd3 a5 37.h3 h5 38.Bd2 b4 39.a4 Bc7 40.Bc1 Bb6 41.Bb2 Bd8 42.
Bc1 Bh4 43.Bd2 Bf2 44.Ke2 Bxd4 45.Kd3 Bb6 46.Be1 Bc5 47.Bd2 Bd6 48.Be3 Bc5 49.
Bd2 Bd4 50.Be1 Bc5 51.Bd2 Bd6 52.Be3 Bc7 53.h4 Bd8 54.Bf2 b3 55.Be1 Bc7 56.Bd2
b2 57.Kc2 Ke4 58.Kxb2 Bxf4 (58...Bd8) 59.Bxa5 Be3 60.Kc2 f4 61.Kd1 f3 62.Bc7
Kd3 $4 (62...Bf2) 63.Ke1 Kc4 64.a5 Kb5 65.Bb6 $1 Bf4 66.Kf2 Be5 67.Kxf3 Bf6
68.Kg3 Be5+ 69.Kf3 Bd6 70.Bd8 Bb4 71.Kf4 Bd2+ 72.Ke5 Be1 73.Ke6 Bc3 74.Kf7 Be1
75.Kxg6 Bxh4 1/2-1/2

[Event "Provincial Individual Huesca"]
[Site "Sabiñánigo,Alcalá,Binéfar,Bin"]
[Date "2016.11.05"]
[Round "4.9"]
[White "Puertolas Arturo"]
[Black "Escartin Jose"]
[Result "0-1"]
[WhiteElo "1870"]
[BlackElo "1785"]

1.e4 c5 2.Nf3 e6 3.c4 Nc6 4.Nc3 Nf6 5.d3 d5 6.e5 d4 $1 7.Nb5 Nd7 8.Bf4 a6 9.
Na3 Be7 10.g3 g5 11.Bd2 Ndxe5 12.Nxe5 Nxe5 13.Qe2 Bf6 (13...Ng6) 14.Bg2 Ng6
15.O-O-O Be7 16.Be4 Qc7 (16...f5) 17.Qh5 f5 18.Bg2 g4 19.h3 gxh3 20.Bxh3 Bd7
21.Bg5 O-O-O 22.Bxe7 Nxe7 23.Bg2 Qd6 24.Rde1 Ng6 25.f4 Bc6 26.Bxc6 Qxc6 27.Qe2
(27.Nb1) 27...Rde8 28.Nc2 Qd6 29.a3 Re7 30.Rh6 Qd7 31.Reh1 Rf8 32.b4 b6 33.Qe1
Qc7 34.Qe2 Rff7 35.Ne1 e5 36.fxe5 Nxe5 37.Qg2 Qb7 38.Qxb7+ Kxb7 39.Kd2 Ng4 40.
Rd6 Re3 41.bxc5 bxc5 42.Nc2 Rxd3+ 43.Kxd3 Nf2+ 44.Ke2 Nxh1 45.Kf3 Rg7 46.Kf4
Nxg3 47.a4 h5 48.a5 h4 49.Rb6+ Ka7 50.Rh6 Rg4+ 51.Kf3 Ne4 52.Rh7+ Kb8 53.Rh6
d3 54.Ne3 Rg3+ 55.Kf4 d2 56.Nd1 Rg1 0-1

[Event "Provincial Individual Huesca"]
[Site "Sabiñánigo,Alcalá,Binéfar,Bin"]
[Date "2016.11.05"]
[Round "4.10"]
[White "Mendoza Pedro"]
[Black "Perez Puyal Jose Joaquin"]
[Result "1-0"]
[WhiteElo "1570"]
[BlackElo "1827"]

1.e4 d5 2.exd5 Nf6 3.c4 c6 4.dxc6 Nxc6 5.Nf3 Bg4 6.Be2 e5 7.Nc3 Bc5 8.O-O O-O
9.d3 h6 10.h3 Bh5 11.Re1 Re8 12.a3 a5 13.Be3 Qe7 14.Nb5 Rad8 15.Qc2 Bg6 16.
Rad1 Bh7 17.Qb3 e4 18.Bxc5 $1 Qxc5 19.d4 Qe7 20.Nh2 e3 21.f3 $2 Nh5 $1 22.Nf1
Nf4 23.Qc3 Qg5 24.g3 Nxh3+ 25.Kh2 Nf2 26.f4 Nxd1 $2 (26...Qf5 $1) 27.Rxd1 Qe7
28.d5 Nb8 29.Qxa5 Qf6 30.Nc3 g5 $1 31.fxg5 Qf2+ 32.Kh1 Rd6 (32...hxg5) 33.Qc7
Red8 34.g6 Bxg6 35.Rd4 Qf6 36.Rf4 Qg7 $2 37.Qxb7 Rf6 38.Qe7 Rfd6 39.Qxe3 Na6
40.c5 Rxd5 41.Nxd5 Rxd5 42.Bxa6 Qxb2 43.Rf2 Qb1 44.c6 Be4+ 45.Kg1 Rh5 46.Rh2
Qc2 1-0

[Event "Provincial Individual Huesca"]
[Site "Sabiñánigo,Alcalá,Binéfar,Bin"]
[Date "2016.11.05"]
[Round "4.11"]
[White "Arrieta Steven"]
[Black "Salas Jose"]
[Result "1/2-1/2"]
[WhiteElo "1579"]
[BlackElo "1790"]

1.d4 d5 2.Nf3 Nf6 3.e3 e6 4.c4 c6 5.Nc3 Nbd7 6.Bd3 Bd6 7.b3 O-O 8.O-O Qe7 9.c5
Bc7 10.b4 e5 11.Be2 a6 12.a4 e4 13.Ne1 Re8 14.Bd2 Nf8 15.g3 Bh3 16.Ng2 Qd7 17.
b5 axb5 18.axb5 Bg4 19.Bxg4 Nxg4 20.Qe2 Nf6 21.Rxa8 Rxa8 22.b6 Qh3 23.f3 exf3
24.Qxf3 Bd8 25.Nf4 Qg4 26.Qxg4 Nxg4 27.h3 Nf6 28.Nd3 N6d7 29.Rb1 Ne6 30.Rb3
Bg5 31.Rb2 g6 32.Ra2 Rxa2 33.Nxa2 Nxd4 34.exd4 Bxd2 35.Kf2 Nf6 36.Ne5 Kf8 37.
Ke2 Ba5 38.g4 Ke7 39.Nc1 Nd7 40.Nf3 f6 41.Nb3 Bb4 42.Ne1 Bxe1 43.Kxe1 Kd8 44.
Ke2 Nf8 45.Ke3 Ne6 46.Nd2 Ke7 47.Nf3 g5 48.Kf2 Nf4 49.Kg3 Ke6 50.Kh2 h5 51.Kg3
h4+ 52.Kh2 Kf7 53.Ne1 Kg7 54.Nc2 Ne6 55.Kg2 Kg6 56.Kh2 f5 57.Kg2 f4 58.Kf3 Kf6
59.Kf2 Kg6 1/2-1/2

[Event "Provincial Individual Huesca"]
[Site "Sabiñánigo,Alcalá,Binéfar,Bin"]
[Date "2016.11.05"]
[Round "4.12"]
[White "Chesa Aurelio"]
[Black "Miret Cesar"]
[Result "1-0"]
[WhiteElo "1747"]
[BlackElo "1569"]

1.d4 d5 2.c4 Nf6 3.cxd5 Nxd5 4.e4 Nf6 5.Nc3 g6 6.Bc4 Bg7 7.e5 Nfd7 8.Nge2 e6
9.O-O Nb6 10.Bb3 O-O 11.Ne4 Qh4 12.N2c3 Nd5 13.Nxd5 exd5 14.Bxd5 c6 15.Bg5 Qg4
16.f3 Qd7 17.Bb3 Qc7 18.Qd2 Nd7 19.Be7 Re8 20.Bd6 Qb6 21.Kh1 Qd8 22.Ng5 Nxe5
23.dxe5 Bxe5 24.Nxf7 Kg7 25.Qh6+ Kf6 26.Bxe5+ Rxe5 27.Nxd8 Bf5 28.Qf8+ 1-0

[Event "Provincial Individual Huesca"]
[Site "Sabiñánigo,Alcalá,Binéfar,Bin"]
[Date "2016.11.05"]
[Round "4.13"]
[White "Sorinas Ramon"]
[Black "Rodriguez Avellanas Jose Manuel"]
[Result "0-1"]
[WhiteElo "1537"]
[BlackElo "1731"]

1.e4 c6 2.d4 d5 3.e5 e6 4.Nf3 c5 5.c3 Nc6 6.Nbd2 cxd4 7.cxd4 Nge7 8.Be2 g6 9.
Nb3 Bg7 10.Bg5 O-O 11.Qd2 Re8 12.O-O Qb6 13.Bf6 Bf8 14.Qf4 Nf5 15.g4 Ng7 16.
Qh6 Nh5 17.Qg5 h6 18.Qe3 Nxf6 19.exf6 Qd8 20.g5 h5 21.Nh4 e5 22.dxe5 Rxe5 23.
Qd2 Bb4 24.Qc1 Rxe2 25.Qd1 Qe8 26.Qxd5 Re5 27.Qc4 Rxg5+ 28.Kh1 Be6 29.Qf4 Bd5+
30.f3 Qe5 31.Qc1 Qxf6 32.a3 Bxb3 33.axb4 Re5 34.Ng2 Re2 35.Ra3 Qxb2 36.Rxb3
Qxb3 37.Nf4 Rc2 38.Qe1 Qb2 39.Qg3 Rxh2+ 40.Kg1 Rd2 41.Kh1 Rad8 42.Re1 Rd1 43.
Ng2 Rxe1+ 44.Qxe1 Qd2 45.Qe4 Qd4 0-1